[Event "FRA-chT2 South 0809"]
[Site "France"]
[Date "2009.01.18"]
[Round "6.3"]
[White "Duluc, Jeremie"]
[Black "Marciniak, Alexandre"]
[Result "1/2-1/2"]
[WhiteElo "2171"]
[BlackElo "2161"]
[PlyCount "32"]
[EventDate "2008.10.12"]
[EventType "team-tourn"]
[EventRounds "11"]
[EventCountry "FRA"]
[SourceTitle "EXT 2010"]
[Source "ChessBase"]
[SourceDate "2010.11.25"]
[SourceVersion "1"]
[SourceVersionDate "2010.11.25"]
[SourceQuality "1"]
[WhiteTeam "Clermont Ferrand"]
[BlackTeam "Agen"]
[WhiteTeamCountry "FRA"]
[BlackTeamCountry "FRA"]

1. Nf3 d5 2. d4 Nf6 3. c4 c6 4. e3 Bg4 5. Qb3 Qb6 6. Ne5 Bf5 7. Bd3 Bxd3 8. Qxd3 Nbd7 9. Nxd7 Nxd7 10. 0-0 e6 11. Nc3 Be7 12. e4 dxe4 13. Nxe4 0-0 14. Be3 Qa5 15. Rfd1 Rfd8 16. Qb3 Qc7 1/2-1/2

[Event "FRA-chT2 South 0809"]
[Site "France"]
[Date "2008.10.12"]
[Round "1.2"]
[White "Gachon, Lionel"]
[Black "Duluc, Jeremie"]
[Result "1-0"]
[WhiteElo "2298"]
[BlackElo "2171"]
[PlyCount "89"]
[EventDate "2008.10.12"]
[EventType "team-tourn"]
[EventRounds "11"]
[EventCountry "FRA"]
[SourceTitle "EXT 2010"]
[Source "ChessBase"]
[SourceDate "2010.11.25"]
[SourceVersion "1"]
[SourceVersionDate "2010.11.25"]
[SourceQuality "1"]
[WhiteTeam "Ramonville"]
[BlackTeam "Clermont Ferrand"]
[WhiteTeamCountry "FRA"]
[BlackTeamCountry "FRA"]

1. d4 Nf6 2. Bg5 d5 3. Bxf6 exf6 4. e3 Bf5 5. Ne2 c6 6. Ng3 Bg6 7. h4 Bd6 8. h5 Bxg3 9. hxg6 Bd6 10. Bd3 fxg6 11. Bxg6+ Kd7 12. Bd3 Kc7 13. c4 dxc4 14. Bxc4 Nd7 15. Nc3 Rc8 16. Qg4 Qe7 17. 0-0-0 Kb8 18. Kb1 Nb6 19. Bb3 h6 20. Ne4 Rcd8 21. Qg6 Rhe8 22. Nc3 Bb4 23. Ne2 Nd5 24. Ng3 Qc7 25. Rc1 Nb6 26. Nf5 Bf8 27. Bf7 Qd7 28. Bxe8 Rxe8 29. Rhd1 a5 30. Ng3 a4 31. Ne4 Qe6 32. Nc5 Bxc5 33. Rxc5 a3 34. bxa3 Na4 35. Rc2 Rd8 36. e4 Qe7 37. Qg3+ Ka7 38. Qb3 b5 39. f3 c5 40. Ka1 Rb8 41. dxc5 Nxc5 42. Qe3 Rc8 43. Rd5 Kb6 44. Qd4 Rc6 45. Rcxc5 1-0

[Event "Paris Apsap op 75th"]
[Site "Paris"]
[Date "2004.09.01"]
[Round "3"]
[White "Duluc, Jeremie"]
[Black "Shirazi, Kamran"]
[Result "0-1"]
[WhiteElo "2179"]
[BlackElo "2394"]
[PlyCount "120"]
[EventDate "2004.09.??"]
[EventType "swiss"]
[EventRounds "9"]
[EventCountry "FRA"]
[SourceTitle "EXT 2006"]
[Source "ChessBase"]
[SourceDate "2005.11.24"]
[SourceVersion "1"]
[SourceVersionDate "2005.11.24"]
[SourceQuality "1"]

1. Nf3 d6 2. d4 Bg4 3. Nbd2 c5 4. c3 cxd4 5. cxd4 d5 6. e3 Nc6 7. Bd3 Nf6 8. 0-0 e6 9. a3 Bd6 10. b4 0-0 11. Bb2 Rc8 12. Rc1 Nd7 13. b5 Ne7 14. Qa4 Bb8 15. Ne5 Bf5 16. Rxc8 Nxc8 17. f4 Bg6 18. Bxg6 hxg6 19. Bc3 Ncb6 20. Qb3 Qc7 21. Ba5 Rc8 22. Nxd7 Qxd7 23. Bxb6 axb6 24. Ra1 Bd6 25. Nf3 Rc7 26. Nd2 Qc8 27. Nf1 Rc3 28. Qb2 Qc4 29. Ra2 Kf8 30. a4 Ke7 31. Qe2 Qxe2 32. Rxe2 Ra3 33. Rb2 Rxa4 34. Kf2 f6 35. Nd2 e5 36. fxe5 fxe5 37. Nf3 e4 38. Nd2 g5 39. g3 Bb4 40. Nf1 g4 41. Kg2 Bc3 42. Rc2 Ra3 43. h3 Rb3 44. hxg4 g5 45. Kf2 Kd7 46. Ke2 Ba5 47. Nd2 Rxb5 48. Kd1 Rb4 49. Kc1 Ra4 50. Nb3 Rb4 51. Kb2 Rc4 52. Rh2 Bc3+ 53. Kb1 Kc6 54. Rh7 Be1 55. Kb2 Rc3 56. Rh6+ Kb5 57. Rd6 Rxe3 58. Rxd5+ Kc4 59. Rxg5 Rxb3+ 60. Kc2 Bc3 0-1

[Event "Paris Apsap op 75th"]
[Site "Paris"]
[Date "2004.08.30"]
[Round "1"]
[White "Duluc, Jeremie"]
[Black "Hallier, Christophe"]
[Result "1-0"]
[WhiteElo "2179"]
[BlackElo "1920"]
[PlyCount "93"]
[EventDate "2004.09.??"]
[EventType "swiss"]
[EventRounds "9"]
[EventCountry "FRA"]
[SourceTitle "EXT 2006"]
[Source "ChessBase"]
[SourceDate "2005.11.24"]
[SourceVersion "1"]
[SourceVersionDate "2005.11.24"]
[SourceQuality "1"]

1. Nf3 Nf6 2. c4 c5 3. Nc3 e6 4. g3 b6 5. Bg2 Bb7 6. 0-0 Be7 7. d4 cxd4 8. Qxd4 Nc6 9. Qf4 a6 10. Rd1 0-0 11. b3 Qb8 12. Qxb8 Raxb8 13. Bf4 Rbc8 14. Na4 d5 15. Nxb6 Rce8 16. Ne5 Nxe5 17. Bxe5 Rd8 18. Bc7 Rde8 19. cxd5 Nxd5 20. Bxd5 exd5 21. Nxd5 Ba3 22. Ne3 Be4 23. Bd6 Bb2 24. Bxf8 Bxa1 25. Rxa1 Kxf8 26. Rc1 Ke7 27. f3 Bg6 28. Kf2 Rd8 29. Rd1 Rd6 30. Rxd6 Kxd6 31. Ke1 Kc5 32. Kd2 a5 33. Kc3 f6 34. a4 Kb6 35. Nc4+ Ka6 36. e4 Be8 37. f4 h5 38. e5 Bd7 39. Kd4 Be6 40. Kc5 fxe5 41. fxe5 g5 42. Kd6 Bf5 43. e6 Bc2 44. e7 Bxb3 45. e8Q Bxc4 46. Kc7 Bd5 47. Qb5+ 1-0

[Event "FRA-chT3 Gr12 0304"]
[Site "Loire"]
[Date "2004.02.01"]
[Round "6.3"]
[White "Zouaoui, Hamide"]
[Black "Duluc, Jeremie"]
[Result "0-1"]
[WhiteElo "2050"]
[BlackElo "2195"]
[PlyCount "76"]
[EventDate "2003.10.12"]
[EventType "team"]
[EventRounds "9"]
[EventCountry "FRA"]
[SourceTitle "EXT 2008"]
[Source "ChessBase"]
[SourceDate "2007.11.25"]
[SourceVersion "1"]
[SourceVersionDate "2007.11.25"]
[SourceQuality "1"]

1. e4 c6 2. d4 d5 3. Nc3 dxe4 4. Nxe4 Bf5 5. Ng3 Bg6 6. h4 h6 7. Nf3 Nf6 8. h5 Bh7 9. Bd3 Bxd3 10. Qxd3 e6 11. Bd2 Be7 12. 0-0-0 0-0 13. Qe2 Nbd7 14. Ne5 c5 15. Ng6 Re8 16. Nxe7+ Qxe7 17. dxc5 Qxc5 18. Kb1 Rac8 19. Be3 Qc6 20. Rhg1 a5 21. Rc1 b5 22. Nf1 a4 23. a3 b4 24. axb4 a3 25. c3 axb2 26. Qxb2 Nd5 27. g4 Nxc3+ 28. Rxc3 Qxc3 29. Qxc3 Rxc3 30. g5 hxg5 31. Bxg5 Rb3+ 32. Kc2 Rxb4 33. Bh6 Rc8+ 34. Kd2 g6 35. hxg6 f6 36. Ne3 Rb2+ 37. Kd3 Ne5+ 38. Ke4 Rb4+ 0-1